El arte de la Edad Media: artes plásticas, arte literario y la civilización francesa

Saved in:
Bibliografiske detaljer
Main Authors: Réau, Luis (Author), Cohen, Gustave (Author)
Format: Bog
Sprog:spansk
Udgivet: Ciudad de México UTEHA 1956
Fag:
Tags: Tilføj Tag
Ingen Tags, Vær først til at tagge denne postø!

MARC

LEADER 00000nam a2200000 a 4500
001 UCV9867
003 CL-VaPUC
008 930624e19560000MX |||||||||||||||||spa|d
082 0 4 |a 709.02  |b REA  |2 21 
100 0 |a Réau, Luis  |e author  |9 303866 
700 0 |a Cohen, Gustave  |e author  |9 303867 
245 1 3 |a El arte de la Edad Media: artes plásticas, arte literario y la civilización francesa 
300 |a 357 p 
942 |c BK 
945 |d 19930624 00:00:00 
260 |a Ciudad de México  |b UTEHA  |c 1956 
500 |a Incluye 2 mapas fuera de texto 
650 0 |a Arte medieval  |9 267894 
650 0 |a Literatura medieval  |9 266338 
583 |a last modification  |c 19930624 00:00:00  |k Rodrigo Vera 
999 |c 215146  |d 215144 
952 |0 0  |1 0  |4 0  |6 709_020000000000000_REA_1956  |7 0  |8 A  |9 199144  |a BIBARQ  |b BIBARQ  |d 2019-11-14  |i 2664623  |o 709.02 REA 1956  |p 2664623  |r 2025-01-20  |w 2019-11-14  |y BK  |k ARQ 
952 |0 0  |1 0  |4 0  |6 709_020000000000000_REA_1956  |7 0  |8 A  |9 199145  |a BIBHIS  |b BIBHIS  |d 2019-11-14  |i 1362887  |o 709.02 REA 1956  |p 1362887  |r 2025-01-20  |w 2019-11-14  |y BK  |k HIS